Guess the 1960s song lyrics #66 - Statistics

General Stats
  • This quiz has been taken 19 times
  • The average score is 117 of 189
Answer Stats
Answer % Correct
a
100%
I
100%
of
100%
the
100%
you
100%
be
94%
in
94%
When
94%
he
89%
my
89%
that
89%
That
89%
to
89%
And
83%
will
83%
me
78%
would
78%
all
72%
for
72%
if
72%
If
72%
know
72%
Now
72%
one
72%
say
72%
have
67%
What
67%
what
67%
You're
67%
you're
67%
at
61%
day
61%
like
61%
not
61%
was
61%
heart
56%
just
56%
That's
56%
has
50%
I'd
50%
I've
50%
thing
50%
wanna
50%
been
44%
Bobby
44%
come
44%
girl
44%
him
44%
away
39%
Bobby's
39%
But
39%
most
39%
myself
39%
night
39%
There's
39%
important
33%
ask
28%
people
28%
right
28%
thankful
28%
anymore
22%
home
22%
Hoping
22%
kid
22%
someone
22%
Still
22%
answer
17%
Each
17%
else
17%
faithful
17%
phone
11%
sit
11%
soon
11%
wishing
11%
pray
6%
No matching quizzes found
Score Distribution
Percent of People with Each Score
Percentile by Number Answered
Your Score History
You have not taken this quiz